| 000 | 00320nam a22001217a 4500 | ||
|---|---|---|---|
| 008 | 230620b xxu||||| |||| 00| 0 eng d | ||
| 082 |
_a323 _bUN |
||
| 110 |
_bUNESCO _d2000 |
||
| 245 |
_aHuman Rights _bMajor international Instruments _cStatus as at 31 May 2000 |
||
| 260 |
_bUNESCO _c2000 |
||
| 300 | _a36p | ||
| 942 |
_2ddc _cBK |
||
| 999 |
_c1855 _d1855 |
||